01315nam a22002177a 4500003000400000005001700004008004100021082001800062100002000080245006400100250001400164260004900178300001800227490002400245520050800269650012700777700002000904942001500924952014300939999001501082OSt20260327141955.0260327b |||||||| |||| 00| 0 SPA d 29781472304346 aParragon Books. aEl Cuerpo Humano un libro de consulta para toda la familia  a1 EDICION aNueva York, EE. UUbParragon Books Ltdc2013 b256 páginas 3Tapa dura Cartoné aAnatomía y Sistemas: Explica detalladamente los sistemas del cuerpo (esquelético, muscular, nervioso, circulatorio, etc.), utilizando ilustraciones claras para mostrar dónde está cada órgano y qué función cumple Ciclo de Vida: Aborda temas como la reproducción, el crecimiento desde la infancia hasta la vejez y cómo el cuerpo cambia con el tiempo Salud y Bienestar: Incluye secciones sobre nutrición, la importancia del ejercicio y cómo el cuerpo se defiende de las enfermedades aCuerpo humano / Anatomía humana / Fisiología humana.vObras de divulgación / Enciclopedias y diccionariosxSiglo XXI aParragon Books. 2ddccBKn0 00102ddc40708E04aISUSbISUScBiblioteca Cerradad2026-03-27ecuerpo humanol0o0790pMEDI0790r2026-03-27 14:17:11t1w2026-03-27yBK c2033d2033